Pesticide chemistry : Crop protection public health environmental safety
This book deals with modern crop protection -- covering science, technology, regulation and economical issues.The book consists of about 50 works selected from the forum for pesticide development and use cover key aspects in modern pesticide chemistry and technology, including agriculture, agrochemi...
Αποθηκεύτηκε σε:
| Μορφή: | Βιβλίο |
|---|---|
| Γλώσσα: | Undetermined |
| Έκδοση: |
Weinheim, Germany
Wiley-VCH
2007
|
| Θέματα: | |
| Ετικέτες: |
Προσθήκη ετικέτας
Δεν υπάρχουν, Καταχωρήστε ετικέτα πρώτοι!
|
| Thư viện lưu trữ: | Trung tâm Học liệu Trường Đại học Cần Thơ |
|---|
| LEADER | 01305nam a2200241Ia 4500 | ||
|---|---|---|---|
| 001 | CTU_124968 | ||
| 008 | 210402s9999 xx 000 0 und d | ||
| 020 | |c 233.40 | ||
| 082 | |a 632.95042 | ||
| 082 | |b P476 | ||
| 245 | 0 | |a Pesticide chemistry : | |
| 245 | 0 | |b Crop protection public health environmental safety | |
| 245 | 0 | |c Edited by Hideo Ohkawa, Hisashi Miyagawa, Philip W. Lee | |
| 260 | |a Weinheim, Germany | ||
| 260 | |b Wiley-VCH | ||
| 260 | |c 2007 | ||
| 520 | |a This book deals with modern crop protection -- covering science, technology, regulation and economical issues.The book consists of about 50 works selected from the forum for pesticide development and use cover key aspects in modern pesticide chemistry and technology, including agriculture, agrochemicals, and environmental health aspects, as well as global issues, such as food quality and safety. This comprehensive volume even captures such emerging technologies as crop protection and production, genomics, proteomics, and metabolomics. | ||
| 526 | |a Hóa học chất kích thích và BVTV | ||
| 526 | |b CN247 | ||
| 650 | |a Pesticides,Pesticides,Pesticides,Agricultural pests | ||
| 650 | |x Environmental aspects,Health aspects,Control | ||
| 904 | |i H.Mai | ||
| 980 | |a Trung tâm Học liệu Trường Đại học Cần Thơ | ||